Statistics for General Knowledge True False #4

Click here to take the quiz!

General Stats

  • This quiz has been taken 27,733 times
  • The average score is 11 of 15

Answer Stats

QuestionAnswer% Correct
100% of U.S. Presidents have been menTrue
96%
Croatia was formerly a part of YugoslaviaTrue
88%
Wild polar bears live in five different U.S. statesFalse
87%
Every person in the band Van Halen had the last name Van HalenFalse
86%
Cinnamon comes from berriesFalse
86%
About half the characters in the Bible are femaleFalse
84%
In France, cars drive on the right side of the roadTrue
81%
There are five feet in a yardFalse
79%
Rubies and sapphires are both varieties of the mineral corundumTrue
77%
Wildebeest and gnu are two names for the same animalTrue
76%
Istanbul is the capital of TurkeyFalse
75%
The flute is considered to be a brass instrumentFalse
74%
Cleopatra was fluent in FrenchFalse
65%
If you roll two dice, you have the same chance of rolling every number between 2 and 12.False
62%
Fleas can jump higher than kangaroosFalse
32%

Score Distribution

Percentile by Number Answered

Percent of People with Each Score

Your Score History

You have not taken this quiz